Κατάλογος Βιβλιοθηκών Mediterranean College

Introducing Circuit Analysis / Fifth Edition (Record no. 1785)

MARC details
000 -LEADER
fixed length control field 01104cam a22002054a 4500
005 - ΗΜΕΡΟΜΗΝΙΑ ΚΑΙ ΩΡΑ ΤΕΛΕΥΤΑΙΑΣ ΕΝΗΜΕΡΩΣΗΣ
Πεδίο ελέγχου 20250605164019.0
008 - FIXED-LENGTH DATA ELEMENTS--GENERAL INFORMATION
Πεδίο ελέγχου σταθερού μήκους 250528s ||||||||||||||||||||||||d
035 ## - SYSTEM CONTROL NUMBER
System control number 16267
020 ## - ISBN
ISBN 675206316
040 ## - ΠΗΓΗ ΚΑΤΑΛΟΓΟΓΡΑΦΗΣΗΣ
Φορέας πρωτότυπης καταλογογράφησης MC Athens Campus Library
Γλώσσα καταλογογράφησης Ελληνικά, Μοντέρνα (1453-)
Modifying agency MC Athens Campus Library
Κανόνες περιγραφικής καταλογογράφησης AACR2
245 1# - ΤΙΤΛΟΣ ΚΑΙ ΔΗΛΩΣΗ ΥΠΕΥΘΥΝΟΤΗΤΑΣ
Τίτλος Introducing Circuit Analysis / Fifth Edition
250 ## - EDITION STATEMENT
Edition statement 5th
260 ## - PUBLICATION, DISTRIBUTION, ETC.
Name of publisher, distributor, etc. Merrill Publishing Company,
Date of publication, distribution, etc. 1987
300 ## - PHYSICAL DESCRIPTION
Extent 866
520 ## - SUMMARY, ETC.
Summary, etc. Introduction, Currents and Voltages, Resistance, Ohm's Law and Power and Energy, Series Circuits, Para;;e; Circuits, Series-Parallel Networks, Methods of Analysis and Selected Topics, Network Theorems, Capacitors, Magnetic Circuits, Inductors, Sinusoidal Alternating Waveforms, The Basic Elements and Phasors, Series and Parallel ac Circuits, Series-Parallel ac Networks, Methods of Analysis and Selected Topics (ac), Network Theorems (ac), Power (ac), Resonance, Pulse Waveforms and the R-C Response, Polyphase Systems, Nonsinusoidal Circuits, Transformers, Two - Port Parameters (z, y h), Index.
700 1# - ΠΡΟΣΘΕΤΗ ΑΝΑΓΡΑΦΗ--ΦΥΣΙΚΟ ΠΡΟΣΩΠΟ
Personal name Boylestad Robert L
9 (RLIN) 2349
942 ## - ADDED ENTRY ELEMENTS (KOHA)
Koha item type Books
Holdings
Τύπος τεκμηρίου Βιβλιοθήκη Τρέχουσα τοποθεσία Barcode Αριθμός εισαγωγής Ημερομηνία απόκτησης Ταξιθετικό σύμβολο Αριθμός αντιτύπου Κατάσταση απόσυρσης Κατάσταση χαμένου Κατάσταση κατεστραμμένου Μη δανεισμός Σύνολο δανεισμών Ημερομηνία τελευταίας εμφάνισης Η τιμή ισχύει από
Books MC Athens Campus Library MC Athens Campus Library 9780000017840 3354 05/06/2025 621.3815 BOY 1           05/06/2025 05/06/2025

MC Athens Campus Library
Πατησίων 94 & Κοδριγκτώνος 13, 104 34
Πελλήνης 8 & Πατησίων 107, 112 51
Τ: +30 210 8899600

MC Thessaloniki Campus Library
Ίωνος Δραγούμη 21, 54625 | Ίωνος Δραγούμη 15, 54625
Τ: +30 2310 287779 – Τ: +30 2314 440300